000 01044nam a2200205Ia 4500
003 Ost
005 20260507075126.0
008 260507s9999||||xx |||||||||||||| ||und||
040 _cfsecg
041 _aara
082 _a330
100 _aنجم، عبود نجم
_eمؤلف
245 0 _aإخلاقيات الإدارة ومسؤوليته الأعمال في شركات الأعمال /
_c عبود نجم نجم
260 _aعمان:
_bمؤسسة الوراق,
_c2006
300 _a465 صفحة؛
_bإيضاحات ؛
_c24 سم
520 _aأخلاقيات الإدارة:المفاهيم والتطور-قضايا مهمة في أخلاقيات الإدارة-المسؤولية الإجتماعية وأخلاقيات الإدارة-أخلاقيات الإدارة في بعض التجارب الإدارية-المسؤولية البيئية وأخلاقيات الإدارة-أخلاقيات الإدارة وأخلاقيات المهنة
653 _aإدارة الأعمال
653 _aالأخلاق
942 _cكتاب
999 _c43151
_d43151